| 000 | 00727nam a2200217Ia 4500 | ||
|---|---|---|---|
| 003 | Ost | ||
| 005 | 20260507075630.0 | ||
| 008 | 260507s9999||||xx |||||||||||||| ||und|| | ||
| 040 | _cfsecg | ||
| 041 | _aara | ||
| 082 | _a336 | ||
| 100 |
_aدراز، حامد عبد المجيد _eمؤلف |
||
| 245 | 0 |
_aالمالية العامة / _c حامد عبد المجيد دراز |
|
| 260 |
_aالاسكندرية: _b[دون ناشر], _c2004 |
||
| 300 |
_a400 صفحة؛ _bإيضاحات ؛ _c25 سم |
||
| 520 | _aالضرائب ، النفقات العامة | ||
| 653 | _aالمالية العامة | ||
| 653 | _aضرائب | ||
| 700 |
_aحجازي، المرسي السيد _eمؤلف ثانوي |
||
| 942 | _cكتاب | ||
| 999 |
_c45193 _d45193 |
||